Normal view
MARC view
Entry Personal Name
001 - CONTROL NUMBER
- control field: 1192764
003 - CONTROL NUMBER IDENTIFIER
- control field: OSt
005 - DATE AND TIME OF LATEST TRANSACTION
- control field: 20260324133341.0
008 - FIXED-LENGTH DATA ELEMENTS
- fixed length control field: 260324|| aca||aabn | a|a d
040 ## - CATALOGING SOURCE
- Original cataloging agency: OSt
- Transcribing agency: OSt
100 ## - HEADING--PERSONAL NAME
- Personal name: Steven G. Medema; Marianne Johnson; Warren J. Samuels
670 ## - SOURCE DATA FOUND
- Source citation: Work cat.: (OSt)1791707: Steven G. Medema; Marianne Johnson; Warren J. Samuels, The Foundations of the American Economy Vol 3
